<?xml version="1.0" encoding="UTF-8"?>
<marc:record xmlns:marc="http://www.loc.gov/MARC21/slim">
   <marc:leader>00000nam a2200000 a 4500</marc:leader>
   <marc:datafield ind1="1" ind2=" " tag="100">
      <marc:subfield code="a">Taube, Anna</marc:subfield>
      <marc:subfield code="4">aut</marc:subfield>
      <marc:subfield code="e">Verfasser/-in</marc:subfield>
   </marc:datafield>
   <marc:datafield ind1=" " ind2=" " tag="653">
      <marc:subfield code="a">babybuch</marc:subfield>
   </marc:datafield>
   <marc:datafield ind1=" " ind2=" " tag="653">
      <marc:subfield code="a">pappbilderbuch</marc:subfield>
   </marc:datafield>
   <marc:datafield ind1=" " ind2=" " tag="653">
      <marc:subfield code="a">geschenk zur geburt</marc:subfield>
   </marc:datafield>
   <marc:datafield ind1=" " ind2=" " tag="653">
      <marc:subfield code="a">Geschenk zum 2 Geburtstag</marc:subfield>
   </marc:datafield>
   <marc:datafield ind1=" " ind2=" " tag="653">
      <marc:subfield code="a">kinderbücher 2 jahre</marc:subfield>
   </marc:datafield>
   <marc:datafield ind1=" " ind2=" " tag="653">
      <marc:subfield code="a">geschichte rübenziehen</marc:subfield>
   </marc:datafield>
   <marc:datafield ind1=" " ind2=" " tag="653">
      <marc:subfield code="a">märchen rübenziehen</marc:subfield>
   </marc:datafield>
   <marc:datafield ind1=" " ind2=" " tag="653">
      <marc:subfield code="a">selbstvertrauen kinder</marc:subfield>
   </marc:datafield>
   <marc:datafield ind1=" " ind2=" " tag="653">
      <marc:subfield code="a">gemeinsam stark</marc:subfield>
   </marc:datafield>
   <marc:datafield ind1=" " ind2=" " tag="653">
      <marc:subfield code="a">freundschaft kinderbuch</marc:subfield>
   </marc:datafield>
   <marc:datafield ind1=" " ind2=" " tag="653">
      <marc:subfield code="a">zusammehalt kinder</marc:subfield>
   </marc:datafield>
   <marc:datafield ind1=" " ind2=" " tag="653">
      <marc:subfield code="a">Softcover / Kinder- und Jugendbücher/Bilderbücher/Pappbilderbücher</marc:subfield>
   </marc:datafield>
   <marc:datafield ind1=" " ind2=" " tag="653">
      <marc:subfield code="a">Fühlbilderbücher</marc:subfield>
   </marc:datafield>
   <marc:datafield ind1=" " ind2=" " tag="653">
      <marc:subfield code="a">Pappbilderbücher mit und ohne Zusatzteile</marc:subfield>
   </marc:datafield>
   <marc:datafield ind1="0" ind2="0" tag="245">
      <marc:subfield code="a">Alle Tiere ziehen mit, auch das kleine Küken Pitt</marc:subfield>
   </marc:datafield>
   <marc:datafield ind1="0" ind2="0" tag="245">
      <marc:subfield code="b">Mit Verwandlungsseiten</marc:subfield>
   </marc:datafield>
   <marc:datafield ind1="0" ind2="0" tag="245">
      <marc:subfield code="c">Anna Taube</marc:subfield>
   </marc:datafield>
   <marc:datafield ind1=" " ind2="1" tag="264">
      <marc:subfield code="a">München</marc:subfield>
      <marc:subfield code="b">arsEdition</marc:subfield>
      <marc:subfield code="c">2021</marc:subfield>
   </marc:datafield>
   <marc:datafield ind1="1" ind2=" " tag="520">
      <marc:subfield code="a">Angaben aus der Verlagsmeldung

Alle Tiere ziehen mit - auch das kleine Küken Pitt / von Anna Taube

Nur gemeinsam sind wir stark!

Herrje, da schaun zum Mausehaus

ein Popo und zwei Füße raus!

Der ganze Rest 

sitzt einfach fest!

Mo Maulwurf steckt kopfüber im Mauseloch fest. Da müssen unbedingt ein paar kräftige Helfer her, findet das kleine Küken Pitt, und es dauert nicht lange, da stehen die tierischen Freunde zum Helfen Schlange. Doch auch die Kräftigsten unter ihnen schaffen es nicht, Mo herauszuziehen. Das klappt nur, wenn wirklich alle mit anfassen. Auch Klein-Pitt! 

Ein lustiger Vorlesespaß mit Verwandlungsseiten

In frechen, eingängigen Reimen erzählt das Pappbilderbuch eine humorvolle Geschichte über Zusammenhalt und die Bedeutung eines jeden Einzelnen in der Gruppe. Das Bilderbuch für Kinder ab 2 Jahren enthält kürzer und länger werdende Pappseiten, die das Bild auf magische Weise verwandeln und für Überraschungseffekte beim Vorlesen sorgen. Ein großes Vorlesevergnügen für Kleine und Große und ein Plädoyer für mehr Selbstvertrauen.

• Für alle Fans von „Immer Drama mit dem Lama“ und „Der ganze Zoo geht aufs Klo“: Das neue Buch vom deutsch-niederländischen Erfolgsduo Anna Taube und Eefje Kuijl
• Erstes Vorlesen: Die lustige, gereimte Geschichte ist schon für Kinder ab 24 Monaten geeignet
• Mit Spieleffekt: Stabile Verwandlungsseiten garantieren für Überraschungseffekte beim Vorlesen
• Perfekt für kleine Kinderhände: Dicke Pappseiten und handliches Format
• Geprüfte Qualität: Das Buch unterliegt strengen Sicherheitsanforderungen und regelmäßigen Qualitätskontrollen nach europäischer Spielzeugsicherheitsrichtlinie
</marc:subfield>
   </marc:datafield>
   <marc:datafield ind1=" " ind2=" " tag="020">
      <marc:subfield code="a">9783845839547</marc:subfield>
      <marc:subfield code="9">9783845839547</marc:subfield>
   </marc:datafield>
   <marc:datafield ind1=" " ind2=" " tag="020">
      <marc:subfield code="a">3845839546</marc:subfield>
      <marc:subfield code="9">3845839546</marc:subfield>
   </marc:datafield>
   <marc:datafield ind1=" " ind2=" " tag="041">
      <marc:subfield code="a">ger</marc:subfield>
   </marc:datafield>
   <marc:datafield ind1=" " ind2=" " tag="300">
      <marc:subfield code="a">18 Seiten</marc:subfield>
   </marc:datafield>
</marc:record>
